000 nam a22 7a 4500
999 _c10537
_d10537
008 180219b ||||| |||| 00| 0 eng d
100 _aGoyal
_96445
245 _aSocial Studies for Juniors-4
260 _aNew Delhi
_bGoyal